Which Century? #2 - Statistics

General Stats
  • This quiz has been taken 73 times
  • The average score is 18 of 23
Answer Stats
Event Century % Correct
The Black Death sweeps across Europe, killing millions 14th
96%
Joan of Arc is burned at the stake 15th
96%
James W. Marshall starts the California Gold Rush 19th
96%
Churchill, Roosevelt, and Stalin meet at the Conference of Yalta 20th
94%
The Great Depression starts on Black Tuesday 20th
94%
Otto von Bismarck unites Germany under Prussian rule 19th
92%
Vasco da Gama becomes the first European to reach India by sea 15th
91%
Johannes Gutenberg invents his printing press 15th
89%
Henry VIII becomes the first Supreme Head of the Church of England 16th
89%
China and Britain fight the Opium Wars 19th
89%
Hadrian's Wall is built to mark the Roman Empire's Northern border 2nd
89%
Mount Vesuvius erupts, burying the city of Pompeii 1st
87%
Ferdinand Magellan starts his circumnavigation of the earth 16th
81%
Vincent van Gogh paints Starry Night 19th
79%
The prophet Mohammed, founder of Islam, is born 6th
77%
The Classic Period of Mayan Civilization ends mysteriously 9th
75%
The Civil War is fought in the United States 19th
72%
Church Father St. Augustine of Hippo dies 5th
68%
Rome is sacked by the Visigoths under King Alaric 5th
64%
The Declaration of Independence is signed, forming the USA 18th
57%
The Battle of Hastings is won by William the Conqueror 11th
53%
The Ottoman Empire is founded by Osman I 13th
53%
Genghis Khan reigns as Great Kahn of the Mongol Empire 13th
53%
No matching quizzes found
Score Distribution
Percent of People with Each Score
Percentile by Number Answered
Your Score History
You have not taken this quiz